Statistics for Quiz about Crimea

Click here to take the quiz!

General Stats

  • This quiz has been taken 66 times
  • The average score is 7 of 9

Answer Stats

HintAnswer% Correct
What country occupied (and still is occupying) the peninsula since 2014?Russia
98%
What empire controlled the peninsula from 47 to 340 AD?Rome
92%
The siege of what city was the most important in the Crimean war?Sevastopol
90%
The Crimean Tatars are one of the native ethnic groups of the peninsula. What branch of Islam do they follow?Sunni
83%
What year was the Crimean peninsula given to USSR (Ukrainian Sov. Soc. Rep.) by the RSFSR?1954
75%
What Crimean city was one of the most important conferences of WWII held in?Yalta
75%
What Soviet leader issued the previously mentioned transfer?Nikita Khrushchev
68%
What Italian state had colonies on and near the peninsula from 13th to 15th century?Genoa
62%
The longest river in CrimeaSalgir
22%

Score Distribution

Percentile by Number Answered

Percent of People with Each Score

Your Score History

You have not taken this quiz